00680nam a22002057a 4500003000400000008004100004082001600045100001900061245011500080260006800195300001000263502001700273650001700290650001100307650001100318650001100329942001100340999001700351952010600368OSt260430b |||||||| |||| 00| 0 eng d a634.6bS11B aSahay, Sanjay. aBearing Behaviour and Quality Characters of Some Litchi (Litchi chinensis Sonn.) Cultivars / cby Sanjay Sahay a.- Sabour, Bhagalpurb: Bihar Agricultural College, RAUc, 2001 a144p. bPh. D.d2001 aHorticulture aLitchi aThesis aPh. D. 2ddccT c50340d50340 00102ddc4070aRAUbRAUd2026-04-30g0.00l0o634.6 S11Bp48850-ULr2026-04-30w2026-04-30yTkGift